| 000 | 00826nam a2200193 i 4500 | ||
|---|---|---|---|
| 001 | 24392 | ||
| 003 | ES-MaACL | ||
| 005 | 20250717091855.0 | ||
| 007 | t| | ||
| 008 | 021217m19651970sp ||||1| spa d | ||
| 245 | 0 | 0 |
_aAnatomía humana _b: (funcional y aplicativa) / _cJ. Escolar... [et al.]. |
| 260 |
_aZaragoza : _bJ. Escolar, _c1965-70 ( _fHeraldo de Aragón) |
||
| 300 |
_a4 v. : _bil. ; _c28 cm. |
||
| 505 | 8 | _aContiene: v. 1. [Sin título particular] (326 p.) v. 2. Presoma (parietal y visceral), cabeza (excluyendo el sistema nervioso central y sentidos) (363 p.) v. 3. Sentidos y sistema nervioso central (387 p.) v. 4. Topografía funcional (346 p.) | |
| 650 | 7 |
_aAnatomía humana _2embne _99801 |
|
| 700 | 1 |
_aEscolar García, José. _9174625 |
|
| 852 |
_aES-MaACL _jP-1057-bis _bR.57669 |
||
| 999 |
_c24392 _d24392 |
||